Public Perception of Corporate Social Responsibility in Slovakia

Definícia CSR - ISO 26000. Business Leaders Forum, Pontis, Integra Foundation, Lord, Donors Forum - organizácie na podporu CSR. Právne normy národnej platnosti na Slovensku a medzinárodná dimenzia vnímania a tvorby CSR v ČR. Filantropia a charita.

Salvato in:
Dettagli Bibliografici
Autore principale: Bednárová, Lucia
Altri autori: Chovancová, Jana
Natura: Capitolo di libro
Lingua:inglese
Soggetti:
Tags: Aggiungi Tag
Nessun Tag, puoi essere il primo ad aggiungerne!!

MARC

LEADER 00000naa a2200000 4500
001 0194554
005 20240502083451.5
041 0 |a eng 
044 |a GB 
245 1 0 |a Public Perception of Corporate Social Responsibility in Slovakia  |c Lucia Bednárová, Jana Chovancová 
520 |a Definícia CSR - ISO 26000. Business Leaders Forum, Pontis, Integra Foundation, Lord, Donors Forum - organizácie na podporu CSR. Právne normy národnej platnosti na Slovensku a medzinárodná dimenzia vnímania a tvorby CSR v ČR. Filantropia a charita. 
610 2 0 |a správanie sociálne 
610 2 0 |a spravodlivosť sociálna 
610 2 0 |a zodpovednosť podniku spoločenská 
610 2 0 |a organizácie neziskové 
610 2 0 |a organizácie nevládne 
610 2 0 |a mienka verejná 
610 2 0 |a etika sociálna 
610 2 0 |a korporácie 
100 1 |a Bednárová, Lucia 
700 1 |a Chovancová, Jana